000 00263nam a22001217a 4500
008 170503b xxu||||| |||| 00| 0 eng d
041 _aeng
080 _a343.9
100 _a13
101 _aSHJ
245 _aMODERN CRIMINAL LAW
_cLAFAVE.W.R
942 _2udc
_cBK
999 _c12553
_d12553